| 000 | 00000nam 2200000zi 4500 |
| 001 | 9.911417 |
| 003 | CaOODSP |
| 005 | 20230320133348 |
| 006 | m o d f |
| 007 | cr |n||||||||| |
| 008 | 220519t20222022onca o f000 0 fre d |
| 020 | |a9780660436067 |
| 040 | |aCaOODSP|bfre|erda|cCaOODSP |
| 043 | |an-cn--- |
| 086 | 1 |aNR16-396/2022F-PDF |
| 245 | 00|aTechnologies pour les langues autochtones canadiennes. |
| 264 | 1|a[Ottawa] : |bConseil national de recherches Canada = National Research Council Canada, |c[2022] |
| 264 | 4|c©2022 |
| 300 | |a1 ressource en ligne (5 pages non numérotées) : |billustrations en couleur + |eversion imprimée (8 pages non numérotées) |
| 336 | |atexte|btxt|2rdacontent/fre |
| 337 | |ainformatique|bc|2rdamedia/fre |
| 338 | |aressource en ligne|bcr|2rdacarrier/fre |
| 500 | |aPublié aussi en anglais sous le titre : Technologies for Indigenous languages in Canada. |
| 500 | |aVersion Web. |
| 650 | 6|aAutochtones|zCanada|xLangues. |
| 650 | 6|aLangage et langues|xEnseignement assisté par ordinateur. |
| 710 | 2 |aConseil national de recherches Canada, |eorganisme de publication. |
| 775 | 08|tTechnologies for Indigenous languages in Canada.|w(CaOODSP)9.911415 |
| 776 | 0#|tTechnologies pour les langues autochtones canadiennes.|w(CaOODSP)9.911418 |
| 794 | |tTechnologies pour les langues autochtones canadiennes.|w(CaOODSP)9.921112 |
| 856 | 40|qPDF|s1.33 Mo|uhttps://publications.gc.ca/collections/collection_2022/cnrc-nrc/NR16-396-2022-fra.pdf|zVersion Web |
| 856 | 40|qPDF|s2.33 Mo|uhttps://publications.gc.ca/collections/collection_2022/cnrc-nrc/NR16-396-2022-1-fra.pdf|zVersion imprimée |